Pocket guide for calorie counters (Record no. 6577)

MARC details
000 -CABECERA
campo de control de longitud fija 00565nam a2200217 a 4500
001 - NÚMERO DE CONTROL
campo de control BRCA_6895
005 - FECHA Y HORA DE LA ÚLTIMA TRANSACCIÓN
campo de control 20190321142921.0
008 - DATOS DE LONGITUD FIJA--INFORMACIÓN GENERAL
campo de control de longitud fija 141111c19521940u--a######---#000-0#eng-#
041 ## - CÓDIGO DE LENGUA
Código de lengua del texto/banda sonora o título independiente eng
044 ## - CÓDIGO DEL PAÍS DE LA ENTIDAD EDITORA/PRODUCTORA
Código MARC del país u
050 #4 - SIGNATURA TOPOGRÁFICA DE LA BIBLIOTECA DEL CONGRESO
Número de documento/Ítem .B76 1952
100 1# - ENTRADA PRINCIPAL--NOMBRE DE PERSONA
Nombre de persona Brown, Marion
9 (RLIN) 17174
245 10 - MENCIÓN DE TÍTULO
Título Pocket guide for calorie counters
Mención de responsabilidad, etc. by Marion Brown.
250 ## - MENCIÓN DE EDICIÓN
Mención de edición 3a ed.
260 ## - PUBLICACIÓN, DISTRIBUCIÓN, ETC.
Lugar de publicación, distribución, etc. Chicago, Illinois
Nombre del editor, distribuidor, etc. Stubbs and Montgomery
Fecha de publicación, distribución, etc. c1940, 1952
300 ## - DESCRIPCIÓN FÍSICA
Extensión 47 p.
Otras características físicas il.
Dimensiones 12 cm.
500 ## - NOTA GENERAL
Nota general L143
650 14 - PUNTO DE ACCESO ADICIONAL DE MATERIA--TÉRMINO DE MATERIA
Término de materia o nombre geográfico como elemento de entrada Dieta baja en calorías
9 (RLIN) 17175
902 ## - CATALOGADOR
Iniciales GFM
942 ## - ELEMENTOS DE PUNTO DE ACCESO ADICIONAL (KOHA)
Fuente del sistema de clasificación o colocación Library of Congress Classification
Tipo de ítem Koha Libros
Holdings
Estado de retiro Estado de pérdida Estado dañado No para préstamo Localización permanente Ubicación/localización actual Fecha de adquisición Número de inventario Total de préstamos Signatura topográfica completa Código de barras Fecha visto por última vez Precio válido a partir de Tipo de ítem Koha
El ejemplar forma parte de la colección y puede ser consultado según las políticas vigentes.       Biblioteca del Museo Franz Mayer (Rogerio Casas-Alatriste) Biblioteca del Museo Franz Mayer (Rogerio Casas-Alatriste) 14/11/2011 L143   .B76 1952 (L143) 7342 22/03/2019 22/03/2019 Libros